Essays in context / (Record no. 1835)

MARC details
000 -LEADER
fixed length control field 00653cam a2200205 4500
001 - CONTROL NUMBER
control field 2302
005 - DATE AND TIME OF LATEST TRANSACTION
control field 20181127164917.0
008 - FIXED-LENGTH DATA ELEMENTS--GENERAL INFORMATION
fixed length control field 991221s2001 nyu 001 0 eng
010 ## - LIBRARY OF CONGRESS CONTROL NUMBER
LC control number 99086330
020 ## - INTERNATIONAL STANDARD BOOK NUMBER
International Standard Book Number 0195118367 (alk. paper)
245 00 - TITLE STATEMENT
Title Essays in context /
Statement of responsibility, etc. Sandra Fehl Tropp.
260 ## - PUBLICATION, DISTRIBUTION, ETC.
Place of publication, distribution, etc. New York :
Name of publisher, distributor, etc. Oxford University Press,
Date of publication, distribution, etc. 2001.
300 ## - PHYSICAL DESCRIPTION
Extent l, 748 p. ;
Dimensions 24 cm.
500 ## - GENERAL NOTE
General note Includes index.
650 #0 - SUBJECT ADDED ENTRY--TOPICAL TERM
Topical term or geographic name entry element College readers.
Topical term or geographic name entry element English language
General subdivision Rhetoric
Form subdivision Problems, exercises, etc.
Topical term or geographic name entry element Report writing
Form subdivision Problems, exercises, etc.
700 1# - ADDED ENTRY--PERSONAL NAME
Personal name Tropp, Sandra Fehl,
Dates associated with a name 1944-
Personal name Pierson-D'Angelo, Ann,
Dates associated with a name 1971-
Holdings
Withdrawn status Lost status Source of classification or shelving scheme Damaged status Not for loan Collection code Home library Current library Shelving location Serial Enumeration / chronology Inventory number Total Checkouts Full call number Barcode Date last seen Price effective from Koha item type
    Dewey Decimal Classification     Main TEST RTC Library RTC Library Main opac 1599   808.4 TRO 30001264 27/11/2018 27/11/2018 Main
Royal Thimphu College || All Right Reserved